[Event "Istanbul Open 2019"]
[Site "Istanbul"]
[Date "2019.08.27"]
[Round "2.11"]
[White "Annaberdiyev, Babageldi"]
[Black "Yasin, Hur"]
[Result "0-1"]
[WhiteElo "2242"]
[BlackElo "1906"]
[Annotator "ChessBase"]
[PlyCount "98"]
[EventDate "2019.08.26"]
[EventType "swiss"]
[EventCountry "TUR"]
[SourceTitle "playchess.com"]
[Source "ChessBase"]
[SourceQuality "1"]
[TimeControl "5400+30"]

1. Nf3 {[%emt 0:00:30]} Nf6 {[%emt 0:02:30]} 2. g3 {[%emt 0:00:00]} b6 {[%emt 0:00:30]} 3. Bg2 {[%emt 0:00:00]} Bb7 {[%emt 0:00:30]} 4. O-O {[%emt 0:00:30]} c5 {[%emt 0:00:30]} 5. c4 {[%emt 0:03:30]} g6 {[%emt 0:01:30]} 6. b3 {[%emt 0:02:30]} Bg7 {[%emt 0:00:30]} 7. Bb2 {[%emt 0:00:00]} O-O {[%emt 0:00:00]} 8. d4 {[%emt 0:01:00]} cxd4 {[%emt 0:00:00]} 9. Qxd4 {[%emt 0:01:30]} d6 {[%emt 0:01:30]} 10. Qh4 {[%emt 0:01:30]} Nbd7 {[%emt 0:01:30]} 11. Nc3 {[%emt 0:03:30]} Rc8 {[%emt 0:04:30]} 12. Rad1 {[%emt 0:07:30]} Rc5 {[%emt 0:01:30]} 13. Qf4 {[%emt 0:07:30]} Qa8 {[%emt 0:01:30]} 14. Qe3 {[%emt 0:10:30]} Re8 {[%emt 0:05:30]} 15. h3 {[%emt 0:00:00]} Ne5 {[%emt 0:01:30]} 16. Na4 {[%emt 0:01:00]} Nxf3+ {[%emt 0:03:30]} 17. Bxf3 {[%emt 0:03:30]} Bxf3 {[%emt 0:01:30]} 18. Qxf3 {[%emt 0:01:30]} Qxf3 {[%emt 0:03:30]} 19. exf3 {[%emt 0:00:30]} Rc6 {[%emt 0:00:30]} 20. Rfe1 {[%emt 0:00:30]} Kf8 {[%emt 0:00:30]} 21. Bd4 {[%emt 0:00:30]} Rb8 {[%emt 0:00:30]} 22. Nc3 {[%emt 0:00:30]} Ne8 {[%emt 0:00:30]} 23. Nd5 {[%emt 0:00:30]} Rb7 {[%emt 0:08:30]} 24. a4 {[%emt 0:10:30]} Bxd4 {[%emt 0:05:30]} 25. Rxd4 {[%emt 0:00:30]} Rc5 {[%emt 0:00:30]} 26. Rh4 {[%emt 0:00:30]} h5 {[%emt 0:00:30]} 27. Rhe4 {[%emt 0:00:30]} e6 {[%emt 0:00:30]} 28. Nf4 {[%emt 0:04:30]} Nc7 {[%emt 0:06:30]} 29. b4 {[%emt 0:04:30]} Rf5 {[%emt 0:07:30]} 30. g4 {[%emt 0:01:30]} hxg4 {[%emt 0:02:30]} 31. fxg4 {[%emt 0:00:00]} Rf6 {[%emt 0:00:00]} 32. Rd1 {[%emt 0:02:00]} Ne8 {[%emt 0:03:00]} 33. Kg2 {[%emt 0:01:30]} a6 {[%emt 0:00:30]} 34. Ne2 {[%emt 0:00:30]} g5 {[%emt 0:00:30]} 35. Nc3 {[%emt 0:00:30]} Rc7 {[%emt 0:03:30]} 36. Ne2 {[%emt 0:02:30]} Rg6 {[%emt 0:04:30]} 37. f4 {[%emt 0:02:30]} Nf6 {[%emt 0:02:30]} 38. Red4 {[%emt 0:00:00]} d5 {[%emt 0:00:30]} 39. f5 {[%emt 0:01:00]} Rh6 {[%emt 0:02:30]} 40. fxe6 {[%emt 0:06:30]} fxe6 {[%emt 0:00:30]} 41. cxd5 {[%emt 0:02:30]} Nxd5 {[%emt 0:00:30]} 42. Rf1+ {[%emt 0:00:30]} Ke7 {[%emt 0:01:30]} 43. Re4 {[%emt 0:01:01]} Rc2 {[%emt 0:00:30]} 44. Rf2 {[%emt 0:01:44]} Rf6 {[%emt 0:03:30]} 45. b5 {[%emt 0:10:17]} axb5 {[%emt 0:01:30]} 46. axb5 {[%emt 0:00:01]} Nc3 {[%emt 0:00:30]} 47. Re5 {[%emt 0:00:41]} Rxf2+ {[%emt 0:00:30]} 48. Kxf2 {[%emt 0:00:01]} Kf6 {[%emt 0:00:30]} 49. Re3 {[%emt 0:00:04]} Nd1+ {[%emt 0:00:30]} 0-1

[Event "Istanbul Open 2019"]
[Site "Istanbul"]
[Date "2019.08.27"]
[Round "2.12"]
[White "Aydin, Kaan Ayhan"]
[Black "Eren, Ataberk"]
[Result "0-1"]
[WhiteElo "1890"]
[BlackElo "2254"]
[Annotator "NA"]
[PlyCount "74"]
[EventDate "2019.08.26"]
[EventType "swiss"]
[EventCountry "TUR"]
[SourceTitle "playchess.com"]
[Source "ChessBase"]
[SourceQuality "1"]
[TimeControl "5400+30"]

1. e4 {[%emt 0:00:30]} e6 {[%emt 0:02:30]} 2. d4 {[%emt 0:00:00]} d5 {[%emt 0:00:00]} 3. Nc3 {[%emt 0:00:00]} Nf6 {[%emt 0:00:00]} 4. Bg5 {[%emt 0:00:00]} dxe4 {[%emt 0:00:30]} 5. Nxe4 {[%emt 0:00:00]} Be7 {[%emt 0:00:30]} 6. Bxf6 {[%emt 0:01:30]} gxf6 {[%emt 0:00:30]} 7. Nf3 {[%emt 0:01:30]} b6 {[%emt 0:00:00]} 8. Bb5+ {[%emt 0:00:30]} c6 {[%emt 0:00:00]} 9. Bc4 {[%emt 0:02:30]} Bb7 {[%emt 0:00:30]} 10. Qe2 {[%emt 0:00:00]} Nd7 {[%emt 0:00:00]} 11. O-O-O {[%emt 0:01:00]} Qc7 {[%emt 0:01:00]} 12. Kb1 {[%emt 0:02:30] C13: French: Classical System: 4 Bg5 Be7, Alekhine-Chatard Attack} ({Predecessor:} 12. Rhe1 O-O-O 13. g3 Kb8 14. Kb1 {0-1 (41) Rotstein,J-Serebrisky,A Kiev 1956} Nf8 15. Ba6 Ba8 16. Bd3 Ng6 17. h4 f5 18. Neg5 Bf6 19. Bc4 h6 20. Nxf7 Qxf7 21. Bxe6 {½-½ (44) Brenjo,S (2491)-Stojanovic,M (2576) Vrsac 2007}) 12... O-O-O {[%emt 0:00:00]} 13. Rhe1 {[%emt 0:00:30]} Rhg8 $146 {[%emt 0:00:00]} (13... Kb8) 14. g3 {[%emt 0:00:00]} Kb8 {[%emt 0:00:30]} 15. a3 {[%emt 0:06:00]} f5 {[%emt 0:03:30]} 16. Nc3 {[%emt 0:00:30]} Bf6 {[%emt 0:00:00]} (16... b5 $5 {[%cal Rb5c4]} 17. Bb3 a6 $11) 17. Ne5 {[%emt 0:03:30]} Nxe5 {[%emt 0:06:00]} 18. dxe5 {[%emt 0:00:00]} Rxd1+ {[%emt 0:00:00]} 19. Nxd1 {[%emt 0:00:00]} Bg7 {[%emt 0:02:00]} 20. f4 {[%emt 0:00:30]} Rd8 {[%emt 0:00:30]} 21. Nc3 {[%emt 0:00:30]} b5 {[%emt 0:00:00]} 22. Bd3 $11 {[%emt 0:03:30]} Bf8 {[%emt 0:02:00]} 23. g4 {[%emt 0:12:30]} b4 {[%emt 0:16:30]} 24. axb4 {[%emt 0:03:30]} Bxb4 {[%emt 0:00:30]} 25. gxf5 {[%emt 0:00:30]} Qa5 {[%emt 0:00:30]} 26. fxe6 {[%emt 0:01:30]} fxe6 {[%emt 0:00:30]} 27. Bc4 {[%emt 0:10:30]} Bxc3 {[%emt 0:00:30]} 28. bxc3 {[%emt 0:00:30]} Qxc3 {[%emt 0:00:00]} 29. Bb3 {[%emt 0:00:00]} Rd4 {[%emt 0:16:00]} 30. Rg1 {[%emt 0:16:00]} a5 {[%emt 0:00:30]} 31. Qf2 {[%emt 0:08:30]} a4 {[%emt 0:07:30]} 32. Bxa4 {[%emt 0:02:30]} Rxa4 {[%emt 0:00:30]} 33. Rg8+ {[%emt 0:00:30]} Kc7 {[%emt 0:00:30]} 34. Rg7+ {[%emt 0:00:30]} Kc8 {[%emt 0:00:30]} 35. Rg8+ {[%emt 0:00:30]} Kd7 {[%emt 0:00:30]} 36. Rg7+ {[%emt 0:00:30]} Ke8 {[%emt 0:00:30]} 37. Re7+ {[%emt 0:00:30]} Kf8 {[%emt 0:00:00]} 0-1

[Event "Istanbul Open 2019"]
[Site "Istanbul"]
[Date "2019.08.27"]
[Round "2.13"]
[White "Yaran, Siar"]
[Black "Gundogan, Sinem Cagla"]
[Result "1-0"]
[WhiteElo "2209"]
[BlackElo "1820"]
[Annotator "ChessBase"]
[PlyCount "55"]
[EventDate "2019.08.26"]
[EventType "swiss"]
[EventCountry "TUR"]
[SourceTitle "playchess.com"]
[Source "ChessBase"]
[SourceQuality "1"]
[TimeControl "5400+30"]

1. e4 {[%emt 0:00:30]} e5 {[%emt 0:00:30]} 2. Nf3 {[%emt 0:00:00]} Nc6 {[%emt 0:00:00]} 3. c3 {[%emt 0:02:00]} Nf6 {[%emt 0:12:00]} 4. d4 {[%emt 0:00:30]} exd4 {[%emt 0:00:00]} 5. e5 {[%emt 0:00:00]} Nd5 {[%emt 0:03:00]} 6. Bc4 {[%emt 0:11:00]} Nb6 {[%emt 0:02:30]} 7. Bb3 {[%emt 0:00:30]} Be7 {[%emt 0:03:30]} 8. O-O {[%emt 0:01:30]} O-O {[%emt 0:07:30]} 9. Bf4 {[%emt 0:10:30]} d5 {[%emt 0:02:30]} 10. Nxd4 {[%emt 0:00:30]} Nxd4 {[%emt 0:03:30]} 11. cxd4 {[%emt 0:00:30]} Bf5 {[%emt 0:00:30]} 12. Nc3 {[%emt 0:00:00]} c6 {[%emt 0:02:30]} 13. Qe2 {[%emt 0:07:00]} Re8 {[%emt 0:01:30]} 14. Nd1 {[%emt 0:02:30]} f6 {[%emt 0:13:30]} 15. Ne3 {[%emt 0:00:30]} Be6 {[%emt 0:00:30]} 16. Bc2 {[%emt 0:01:30]} fxe5 {[%emt 0:02:30]} 17. Bxe5 {[%emt 0:00:30]} Nd7 {[%emt 0:01:30]} 18. Qh5 {[%emt 0:00:30]} Nf8 {[%emt 0:00:30]} 19. f4 {[%emt 0:03:30]} Bf7 {[%emt 0:02:30]} 20. Qg4 {[%emt 0:19:30]} Bf6 {[%emt 0:00:00]} 21. Rf3 {[%emt 0:00:30]} Ng6 {[%emt 0:20:00]} 22. Rh3 {[%emt 0:00:30]} c5 {[%emt 0:00:30]} 23. Qh5 {[%emt 0:01:30]} cxd4 {[%emt 0:05:06]} 24. Qxh7+ {[%emt 0:01:30]} Kf8 {[%emt 0:00:11]} 25. Ng4 {[%emt 0:08:30]} Bxe5 {[%emt 0:12:31]} 26. fxe5 {[%emt 0:00:30]} Qg5 {[%emt 0:00:34]} 27. Rf1 {[%emt 0:01:30]} Nf4 {[%emt 0:01:45]} 28. Rhf3 {[%emt 0:01:30]} 1-0

[Event "Istanbul Open 2019"]
[Site "Istanbul"]
[Date "2019.08.28"]
[Round "2.14"]
[White "Yilmaz, Turhan"]
[Black "Portakalci, Yusuf"]
[Result "1-0"]
[WhiteElo "2199"]
[BlackElo "1831"]
[Annotator "ChessBase"]
[PlyCount "99"]
[EventDate "2019.08.26"]
[EventType "swiss"]
[EventCountry "TUR"]
[TimeControl "5400+30"]

1. e4 {[%emt 0:00:00]} e6 {[%emt 0:02:30]} 2. d4 {[%emt 0:00:00]} d5 {[%emt 0:00:00]} 3. e5 {[%emt 0:00:30]} c5 {[%emt 0:00:00]} 4. c3 {[%emt 0:00:00]} Nc6 {[%emt 0:01:30]} 5. Nf3 {[%emt 0:00:00]} Be7 {[%emt 0:04:30]} 6. a3 {[%emt 0:02:30]} a5 {[%emt 0:00:30]} 7. b3 {[%emt 0:03:30]} f5 {[%emt 0:06:30]} 8. h3 {[%emt 0:02:30]} Nh6 {[%emt 0:06:30]} 9. Bxh6 {[%emt 0:02:30]} gxh6 {[%emt 0:01:30]} 10. h4 {[%emt 0:00:30]} Qb6 {[%emt 0:05:30]} 11. Be2 {[%emt 0:02:30]} Bd7 {[%emt 0:03:30]} 12. Ra2 {[%emt 0:06:30]} Rg8 {[%emt 0:12:30]} 13. O-O {[%emt 0:08:30]} O-O-O {[%emt 0:15:30]} 14. Rd2 {[%emt 0:10:30]} cxd4 {[%emt 0:08:30]} 15. cxd4 {[%emt 0:00:30]} Rg4 {[%emt 0:07:30]} 16. Re1 {[%emt 0:00:30]} Rdg8 {[%emt 0:02:03]} 17. Bf1 {[%emt 0:00:30]} Be8 {[%emt 0:03:54]} 18. Qc1 {[%emt 0:02:30]} Bh5 {[%emt 0:02:53]} 19. Rd3 {[%emt 0:04:30]} R4g6 {[%emt 0:03:51]} 20. Nbd2 {[%emt 0:01:30]} Kb8 {[%emt 0:01:49]} 21. Qb2 {[%emt 0:01:30]} Qd8 {[%emt 0:00:30]} 22. b4 {[%emt 0:00:30]} axb4 {[%emt 0:00:30]} 23. axb4 {[%emt 0:00:30]} Qf8 {[%emt 0:03:01]} 24. Ra1 {[%emt 0:07:30]} Qg7 {[%emt 0:01:13]} 25. Ne1 {[%emt 0:00:30]} Be2 {[%emt 0:04:00]} 26. Rda3 {[%emt 0:00:30]} Bxf1 {[%emt 0:00:32]} 27. Ra8+ {[%emt 0:00:30]} Kc7 {[%emt 0:00:03]} 28. Rxg8 {[%emt 0:00:30]} Qxg8 {[%emt 0:00:05]} 29. Kxf1 {[%emt 0:00:30]} Bxb4 {[%emt 0:00:48]} 30. Rb1 {[%emt 0:00:30]} Qa8 {[%emt 0:00:55]} 31. Kg1 {[%emt 0:01:30]} Rg4 {[%emt 0:00:59]} 32. Ndf3 {[%emt 0:01:30]} Qa3 {[%emt 0:00:57]} 33. Qc2 {[%emt 0:01:30]} Bxe1 {[%emt 0:00:31]} 34. Nxe1 {[%emt 0:00:30]} Rxd4 {[%emt 0:00:12]} 35. Nf3 {[%emt 0:00:30]} Rb4 {[%emt 0:00:45]} 36. Rf1 {[%emt 0:04:30]} Qb2 {[%emt 0:00:46]} 37. Qc5 {[%emt 0:00:30]} Re4 {[%emt 0:01:00]} 38. Qd6+ {[%emt 0:00:30]} Kb6 {[%emt 0:00:30]} 39. Qxe6 {[%emt 0:00:00]} d4 {[%emt 0:00:00]} 40. Qxf5 {[%emt 0:00:00]} Qe2 {[%emt 0:00:52]} 41. Rb1+ {[%emt 0:00:30]} Ka7 {[%emt 0:00:19]} 42. Qxh7 {[%emt 0:00:30]} Na5 {[%emt 0:00:27]} 43. Ra1 {[%emt 0:00:30]} Ka6 {[%emt 0:00:22]} 44. Qxh6+ {[%emt 0:00:30]} b6 {[%emt 0:00:01]} 45. Rb1 {[%emt 0:00:30]} Nc4 {[%emt 0:00:43]} 46. Qc6 {[%emt 0:00:30]} Ka7 {[%emt 0:00:11]} 47. Qd7+ {[%emt 0:00:30]} Ka6 {[%emt 0:00:12]} 48. Nxd4 {[%emt 0:00:00]} Qd3 {[%emt 0:01:08]} 49. Qc8+ {[%emt 0:00:00]} Ka5 {[%emt 0:00:06]} 50. Qa8# {[%emt 0:00:30]} 1-0

[Event "Istanbul Open 2019"]
[Site "Istanbul"]
[Date "2019.08.27"]
[Round "2.15"]
[White "Menekse, Tuncay"]
[Black "Yilmaz, Seyma"]
[Result "1-0"]
[WhiteElo "1684"]
[BlackElo "1509"]
[Annotator "NA"]
[PlyCount "71"]
[EventDate "2019.08.26"]
[EventType "swiss"]
[EventCountry "TUR"]
[SourceTitle "playchess.com"]
[Source "ChessBase"]
[SourceQuality "1"]
[TimeControl "5400+30"]

1. d4 {[%emt 0:05:30]} f5 {[%emt 0:00:30]} 2. Nf3 {[%emt 0:00:30]} Nf6 {[%emt 0:00:30]} 3. c4 {[%emt 0:00:30]} e6 {[%emt 0:00:30]} 4. g3 {[%emt 0:00:30]} Be7 {[%emt 0:00:00]} 5. Bg2 {[%emt 0:00:30]} d5 {[%emt 0:00:00]} 6. O-O {[%emt 0:00:30]} O-O {[%emt 0:00:00]} 7. b3 {[%emt 0:00:30]} c6 {[%emt 0:00:00]} 8. Nbd2 {[%emt 0:00:30]} Ne4 {[%emt 0:02:30]} 9. Bb2 {[%emt 0:05:30]} Nd7 {[%emt 0:02:30]} 10. e3 {[%emt 0:02:30]} Ndf6 {[%emt 0:03:30]} 11. Ne5 {[%emt 0:02:30]} Nxd2 {[%emt 0:02:30]} 12. Qxd2 {[%emt 0:00:30]} Ne4 {[%emt 0:00:00]} 13. Qc2 {[%emt 0:00:00]} Bd7 {[%emt 0:01:00]} 14. Rad1 {[%emt 0:05:00]} Be8 {[%emt 0:04:30]} 15. f3 {[%emt 0:06:30]} Nf6 {[%emt 0:01:30]} 16. Qd2 {[%emt 0:01:30]} Bh5 {[%emt 0:01:30]} 17. Rf2 {[%emt 0:00:30]} Nd7 {[%emt 0:07:30]} 18. Nd3 {[%emt 0:02:30]} g5 {[%emt 0:05:30]} 19. Rdf1 {[%emt 0:01:30]} g4 {[%emt 0:02:30]} 20. fxg4 {[%emt 0:00:30]} Bxg4 {[%emt 0:00:30]} 21. Nf4 {[%emt 0:00:30]} Qe8 {[%emt 0:10:30]} 22. Nxe6 {[%emt 0:04:30]} Qg6 {[%emt 0:05:30]} 23. Nxf8 {[%emt 0:01:30]} Rxf8 {[%emt 0:00:30]} 24. cxd5 {[%emt 0:02:30]} Bd6 {[%emt 0:02:30]} 25. dxc6 {[%emt 0:00:30]} bxc6 {[%emt 0:01:30]} 26. Bxc6 {[%emt 0:01:30]} Nf6 {[%emt 0:00:00]} 27. Bg2 {[%emt 0:00:30]} Ne4 {[%emt 0:04:00]} 28. Bxe4 {[%emt 0:00:30]} fxe4 {[%emt 0:00:30]} 29. Rxf8+ {[%emt 0:00:30]} Bxf8 {[%emt 0:00:30]} 30. Qc2 {[%emt 0:00:30]} Bh6 {[%emt 0:02:30]} 31. Bc1 {[%emt 0:01:30]} Be6 {[%emt 0:02:30]} 32. d5 {[%emt 0:00:30]} Bh3 {[%emt 0:01:30]} 33. Rf2 {[%emt 0:01:30]} Qg4 {[%emt 0:03:30]} 34. d6 {[%emt 0:06:30]} Bf8 {[%emt 0:04:30]} 35. Qc4+ {[%emt 0:01:30]} Kg7 {[%emt 0:00:30]} 36. Qf7+ {[%emt 0:00:30]} 1-0

[Event "Istanbul Open 2019"]
[Site "Istanbul"]
[Date "2019.08.27"]
[Round "2.16"]
[White "Al Kathiri, Hassan"]
[Black "Amanmuradow, Atajan"]
[Result "0-1"]
[WhiteElo "1636"]
[BlackElo "1794"]
[Annotator "NA"]
[PlyCount "112"]
[EventDate "2019.08.26"]
[EventType "swiss"]
[EventCountry "TUR"]
[SourceTitle "playchess.com"]
[Source "ChessBase"]
[SourceQuality "1"]
[TimeControl "5400+30"]

1. e4 {[%emt 0:02:30]} d5 {[%emt 0:08:30]} 2. exd5 {[%emt 0:01:30]} Qxd5 {[%emt 0:00:30]} 3. Nc3 {[%emt 0:00:30]} Qa5 {[%emt 0:00:30]} 4. d4 {[%emt 0:00:30]} Nf6 {[%emt 0:01:30]} 5. Bd3 {[%emt 0:03:30]} c6 {[%emt 0:00:30]} 6. Nf3 {[%emt 0:00:30]} Bg4 {[%emt 0:01:30]} 7. h3 {[%emt 0:00:30]} Bh5 {[%emt 0:00:30]} 8. O-O {[%emt 0:01:30]} Nbd7 {[%emt 0:00:30]} 9. Bf4 {[%emt 0:01:30]} e6 {[%emt 0:01:30]} 10. a3 {[%emt 0:02:30]} Be7 {[%emt 0:04:30]} 11. b4 {[%emt 0:02:30]} Qd8 {[%emt 0:02:30]} 12. Be2 {[%emt 0:01:30]} Nb6 {[%emt 0:00:30]} 13. Rb1 {[%emt 0:03:30]} O-O {[%emt 0:02:30]} 14. g4 {[%emt 0:05:30]} Bg6 {[%emt 0:02:30]} 15. Ne5 {[%emt 0:00:30]} Nfd5 {[%emt 0:04:30]} 16. Nxd5 {[%emt 0:05:30]} cxd5 {[%emt 0:02:30]} 17. Nxg6 {[%emt 0:05:30]} hxg6 {[%emt 0:00:30]} 18. Rb3 {[%emt 0:01:30]} Qd7 {[%emt 0:01:30]} 19. b5 {[%emt 0:04:30]} Rfc8 {[%emt 0:00:30]} 20. Qd3 {[%emt 0:02:30]} Rc4 {[%emt 0:04:30]} 21. Qd2 {[%emt 0:01:30]} Ra4 {[%emt 0:02:30]} 22. Ra1 {[%emt 0:02:30]} Rc8 {[%emt 0:11:30]} 23. c3 {[%emt 0:05:30]} Nc4 {[%emt 0:07:30]} 24. Qc1 {[%emt 0:02:30]} Qd8 {[%emt 0:11:30]} 25. Bxc4 {[%emt 0:15:30]} Rcxc4 {[%emt 0:00:30]} 26. Qb2 {[%emt 0:01:30]} b6 {[%emt 0:00:30]} 27. Bc1 {[%emt 0:03:30]} Bd6 {[%emt 0:02:30]} 28. Qd2 {[%emt 0:03:30]} Rc8 {[%emt 0:03:30]} 29. Qd3 {[%emt 0:02:12]} Qf6 {[%emt 0:02:30]} 30. Kg2 {[%emt 0:01:24]} e5 {[%emt 0:04:22]} 31. dxe5 {[%emt 0:03:39]} Qxe5 {[%emt 0:00:02]} 32. f4 {[%emt 0:01:44]} Qe6 {[%emt 0:00:17]} 33. Rb4 {[%emt 0:09:22]} Bxb4 {[%emt 0:02:29]} 34. cxb4 {[%emt 0:00:37]} Qe4+ {[%emt 0:00:09]} 35. Qxe4 {[%emt 0:00:44]} dxe4 {[%emt 0:00:02]} 36. Kf2 {[%emt 0:01:43]} Rc3 {[%emt 0:00:01]} 37. h4 {[%emt 0:00:51]} f5 {[%emt 0:00:08]} 38. gxf5 {[%emt 0:01:10]} gxf5 {[%emt 0:00:30]} 39. Ke2 {[%emt 0:00:00]} Rb3 {[%emt 0:00:24]} 40. Ra2 {[%emt 0:01:33]} Rbxb4 {[%emt 0:00:13]} 41. Bb2 {[%emt 0:00:49]} Rxb5 {[%emt 0:00:09]} 42. Be5 {[%emt 0:00:17]} Rb3 {[%emt 0:00:05]} 43. Rd2 {[%emt 0:00:22]} Raxa3 {[%emt 0:00:14]} 44. Rd8+ {[%emt 0:00:11]} Kh7 {[%emt 0:00:30]} 45. Rd7 {[%emt 0:00:00]} Ra2+ {[%emt 0:00:05]} 46. Rd2 {[%emt 0:00:21]} Rxd2+ {[%emt 0:00:30]} 47. Kxd2 {[%emt 0:00:00]} a5 {[%emt 0:00:00]} 48. Kc2 {[%emt 0:00:10]} a4 {[%emt 0:00:17]} 49. Bc7 {[%emt 0:00:00]} b5 {[%emt 0:00:00]} 50. Be5 {[%emt 0:00:13]} b4 {[%emt 0:00:03]} 51. Bd6 {[%emt 0:00:03]} Rc3+ {[%emt 0:00:30]} 52. Kb2 {[%emt 0:00:30]} a3+ {[%emt 0:00:00]} 53. Kb1 {[%emt 0:00:26]} e3 {[%emt 0:00:00]} 54. Ka1 {[%emt 0:00:12]} e2 {[%emt 0:00:30]} 55. Bxb4 {[%emt 0:00:56]} e1=Q+ {[%emt 0:00:30]} 56. Ka2 {[%emt 0:00:00]} Qd2+ {[%emt 0:00:00]} 0-1

[Event "Istanbul Open 2019"]
[Site "Istanbul"]
[Date "2019.08.27"]
[Round "2.17"]
[White "Suer, Halil Cenk"]
[Black "Hakkaki Fard, Pedram"]
[Result "0-1"]
[WhiteElo "1531"]
[BlackElo "1720"]
[Annotator "NA"]
[PlyCount "74"]
[EventDate "2019.08.26"]
[EventType "swiss"]
[EventCountry "TUR"]
[SourceTitle "playchess.com"]
[Source "ChessBase"]
[SourceQuality "1"]
[TimeControl "5400+30"]

1. Nf3 {[%emt 0:00:30]} Nf6 {[%emt 0:00:30]} 2. c4 {[%emt 0:00:30]} c6 {[%emt 0:00:00]} 3. d4 {[%emt 0:00:30]} d5 {[%emt 0:01:00]} 4. e3 {[%emt 0:00:30]} Bf5 {[%emt 0:09:30]} 5. cxd5 {[%emt 0:03:30]} cxd5 {[%emt 0:00:30]} 6. Nc3 {[%emt 0:00:30]} e6 {[%emt 0:05:30]} 7. Bb5+ {[%emt 0:03:30]} Nbd7 {[%emt 0:01:30]} 8. O-O {[%emt 0:00:30]} a6 {[%emt 0:02:30]} 9. Bd3 {[%emt 0:02:30]} Bg6 {[%emt 0:10:30]} 10. Qe2 {[%emt 0:05:30]} Ne4 {[%emt 0:05:30]} 11. Nd2 {[%emt 0:04:30]} Bd6 {[%emt 0:06:30]} 12. Ncxe4 {[%emt 0:04:30]} dxe4 {[%emt 0:01:30]} 13. Bxe4 {[%emt 0:05:30]} Bxh2+ {[%emt 0:02:30]} 14. Kxh2 {[%emt 0:00:30]} Qh4+ {[%emt 0:00:30]} 15. Kg1 {[%emt 0:00:00]} Bxe4 {[%emt 0:00:30]} 16. Nxe4 {[%emt 0:00:00]} Qxe4 {[%emt 0:00:00]} 17. f3 {[%emt 0:01:30]} Qg6 {[%emt 0:11:00]} 18. b3 {[%emt 0:03:30]} O-O {[%emt 0:00:30]} 19. Ba3 {[%emt 0:03:30]} Rac8 {[%emt 0:03:30]} 20. Rac1 {[%emt 0:03:30]} Rfe8 {[%emt 0:00:00]} 21. Qd2 {[%emt 0:04:30]} Nf6 {[%emt 0:05:00]} 22. Rc4 {[%emt 0:08:30]} h5 {[%emt 0:13:13]} 23. Rfc1 {[%emt 0:03:30]} Rcd8 {[%emt 0:00:30]} 24. e4 {[%emt 0:03:30]} Rd7 {[%emt 0:02:51]} 25. Rc8 {[%emt 0:06:30]} Rxc8 {[%emt 0:02:00]} 26. Rxc8+ {[%emt 0:00:30]} Kh7 {[%emt 0:00:00]} 27. Qb4 {[%emt 0:04:30]} Qg3 {[%emt 0:02:04]} 28. Bc1 {[%emt 0:09:02]} h4 {[%emt 0:01:21]} 29. Be3 {[%emt 0:04:27]} Nxe4 {[%emt 0:02:20]} 30. fxe4 {[%emt 0:04:33]} Qxe3+ {[%emt 0:00:18]} 31. Kh1 {[%emt 0:01:32]} Rxd4 {[%emt 0:00:47]} 32. Qc3 {[%emt 0:02:11]} Rd1+ {[%emt 0:01:01]} 33. Kh2 {[%emt 0:00:08]} Qf4+ {[%emt 0:01:21]} 34. g3 {[%emt 0:00:25]} hxg3+ {[%emt 0:00:38]} 35. Kg2 {[%emt 0:01:44]} Rd2+ {[%emt 0:00:38]} 36. Qxd2 {[%emt 0:00:52]} Qxd2+ {[%emt 0:00:34]} 37. Kxg3 {[%emt 0:00:30]} Qe3+ {[%emt 0:00:00]} 0-1

[Event "Istanbul Open 2019"]
[Site "Istanbul"]
[Date "2019.08.27"]
[Round "2.18"]
[White "Pektas, Gokdeniz"]
[Black "Bapoglu, Ibrahim"]
[Result "1-0"]
[WhiteElo "1652"]
[BlackElo "1501"]
[Annotator "NA"]
[PlyCount "99"]
[EventDate "2019.08.26"]
[EventType "swiss"]
[EventCountry "TUR"]
[SourceTitle "playchess.com"]
[Source "ChessBase"]
[SourceQuality "1"]
[TimeControl "5400+30"]

1. d4 {[%emt 0:01:30]} Nf6 {[%emt 0:00:30]} 2. c4 {[%emt 0:01:30]} e6 {[%emt 0:00:30]} 3. Nc3 {[%emt 0:00:00]} d5 {[%emt 0:00:30]} 4. cxd5 {[%emt 0:02:00]} exd5 {[%emt 0:00:30]} 5. Bg5 {[%emt 0:01:30]} Be7 {[%emt 0:01:30]} 6. Qc2 {[%emt 0:00:30]} c6 {[%emt 0:00:30]} 7. e3 {[%emt 0:00:30]} h6 {[%emt 0:04:30]} 8. Bf4 {[%emt 0:01:30]} Nbd7 {[%emt 0:01:30]} 9. h3 {[%emt 0:00:30]} Nf8 {[%emt 0:01:30]} 10. Bd3 {[%emt 0:00:30]} Ne6 {[%emt 0:00:30]} 11. Be5 {[%emt 0:01:30]} Nd7 {[%emt 0:03:30]} 12. Bh2 {[%emt 0:00:30]} Nf6 {[%emt 0:00:30]} 13. Nf3 {[%emt 0:00:30]} Bd6 {[%emt 0:01:30]} 14. O-O-O {[%emt 0:04:30]} Bxh2 {[%emt 0:03:30]} 15. Rxh2 {[%emt 0:00:00]} b5 {[%emt 0:00:00]} 16. e4 {[%emt 0:02:00]} dxe4 {[%emt 0:03:00]} 17. Bxe4 {[%emt 0:05:30]} Bb7 {[%emt 0:01:30]} 18. Nxb5 {[%emt 0:02:30]} Nxe4 {[%emt 0:01:30]} 19. Qxe4 {[%emt 0:00:00]} O-O {[%emt 0:02:30]} 20. Nc3 {[%emt 0:00:00]} Rb8 {[%emt 0:01:30]} 21. Rhh1 {[%emt 0:01:30]} Ng5 {[%emt 0:01:30]} 22. Nxg5 {[%emt 0:00:30]} Qxg5+ {[%emt 0:00:00]} 23. f4 {[%emt 0:00:30]} Qa5 {[%emt 0:00:00]} 24. Qe5 {[%emt 0:01:30]} Qb6 {[%emt 0:05:30]} 25. Qc5 {[%emt 0:01:30]} Qc7 {[%emt 0:01:30]} 26. Rhf1 {[%emt 0:00:30]} Ba6 {[%emt 0:00:30]} 27. Rf2 {[%emt 0:00:30]} Bc8 {[%emt 0:02:30]} 28. Nd5 {[%emt 0:03:30]} Qb7 {[%emt 0:01:30]} 29. Ne7+ {[%emt 0:00:30]} Kh8 {[%emt 0:00:30]} 30. Ng6+ {[%emt 0:00:30]} fxg6 {[%emt 0:00:30]} 31. Qxf8+ {[%emt 0:00:30]} Kh7 {[%emt 0:00:00]} 32. Qa3 {[%emt 0:00:00]} Be6 {[%emt 0:01:00]} 33. Re1 {[%emt 0:03:00]} Qf7 {[%emt 0:01:30]} 34. Qd6 {[%emt 0:01:30]} Re8 {[%emt 0:00:30]} 35. Rfe2 {[%emt 0:02:30]} Bxa2 {[%emt 0:04:30]} 36. Rxe8 {[%emt 0:00:30]} Qc4+ {[%emt 0:00:30]} 37. Kd2 {[%emt 0:00:30]} Qb5 {[%emt 0:01:30]} 38. Qa3 {[%emt 0:00:30]} Qd5 {[%emt 0:01:30]} 39. R8e4 {[%emt 0:04:30]} Bb1 {[%emt 0:02:30]} 40. Qe3 {[%emt 0:02:30]} Qa5+ {[%emt 0:03:30]} 41. Qc3 {[%emt 0:00:30]} Qd5 {[%emt 0:00:00]} 42. R4e2 {[%emt 0:00:30]} Bf5 {[%emt 0:02:00]} 43. g4 {[%emt 0:00:30]} Bc8 {[%emt 0:00:00]} 44. Rg1 {[%emt 0:00:30]} Ba6 {[%emt 0:01:00]} 45. Re5 {[%emt 0:00:30]} Qd7 {[%emt 0:00:30]} 46. f5 {[%emt 0:00:30]} g5 {[%emt 0:04:30]} 47. Rge1 {[%emt 0:00:00]} Qd6 {[%emt 0:00:30]} 48. Qc5 {[%emt 0:00:00]} Qb8 {[%emt 0:00:30]} 49. Qc2 {[%emt 0:01:30]} c5 {[%emt 0:00:30]} 50. f6+ {[%emt 0:00:30]} 1-0